000 00940nam a22003377a 4500
001 BR0301047
003 BR-BrBNA
005 20230928101235.0
007 ta
008 230509b bl.||||| |||| 00| 0 por d
040 _aBR-BrBNA
_bpor
_cBiblioteca Nacional de Agricultura
041 _a(Por)
072 _aE14; A50
090 _ E14 BR0301047
110 1 _aEMBRAPA Monitoramento por Satélite, Campinas, SP (Brasil)
245 1 _a4. Plano diretor da EMBRAPA Monitoramento por Satélite 2004-2007
260 3 _aCampinas, SP (Brasil):
_c2005.
300 _a37 p.
650 _aPECUÁRIA
650 _aAGRICULTURA
650 _aINSTITUIÇÃO DE PESQUISA
650 _aSENSORIAMENTO REMOTO
650 _aTERRA
650 _aMERCADO
650 _aMEIO AMBIENTE
650 _aAGRONEGÓCIO
650 _aPLANEJAMENTO ESTRATÉGICO
650 _aPESQUISA AGRÍCOLA
909 _a202309
_bLucia
_c55
_dLucia Elande
942 _cBK
999 _c64881
_d64881